| 000 | 008730000a22002170004500 | ||
|---|---|---|---|
| 020 | _a0-927545-01-2 : Donación | ||
| 041 | 0 | _aEng. | |
| 082 | 0 | 4 | _aG 266 J351t |
| 100 | 1 | _aJansen, Frank Kaleb | |
| 245 | 1 | 0 | _aTarget earth: the necessity of diversity in a holistic perspective on world mission / Frank Kaleb Jansen |
| 260 | _aPasadena, California : Global Mapping International | ||
| 300 | _a175 p. | ||
| 505 | 0 | 0 | _aHumanidad -- Necesidades humanas básicas -- Amenazas -- Credos -- Historias de esperanza |
| 520 | _aTrata de la necesidad de la diversidad en la iglesia global, y en misiones. Contiene estatísticas e imagenes acerca de la diversidad en la iglesia y en misiones. | ||
| 650 | 1 | 4 | _aMISIONES \ ATLAS |
| 001 | 17264 | ||
| 942 | _cBK | ||
| 999 |
_c43927 _d43927 |
||
| 336 |
_atexto _btxt _2rdacontent |
||
| 337 |
_2rdamedia _asin mediación _bn |
||
| 338 |
_2rdacarrier _avolumen _bnc |
||